00425nam a22001577a 450000500170000000800410001702000220005810000180008024500320009825000160013026000280014630000140017450000220018865000230021070000340023320260225150010.0260225b |||||||| |||| 00| 0 eng d a978-3-0306-2126-1 aLI ZE-NALIAN  aFUNDAMENTALS OF MULTIMEDIA  a3RD EDITION aBURNABYbSPRINGERc2021 aXXV,824P. aINCLUDES AN INDEX aMULTIMEDIA SYSTEMS aMARK S. DREW, JIANGCHUAN LIU